|
|
|
|
| LEADER |
00000nas a2200000 i 4500 |
| 005 |
20170519140018.0 |
| 007 |
|acr nuu---uuuuu |
| 008 |
070206s19uu9999us r p s 0 a0spa d |
| 022 |
|
|
|a 1317-9535
|
| 035 |
|
|
|a 14719
|
| 040 |
|
|
|a BUS
|d vLex
|
| 080 |
|
|
|a Ciencia Pol©Ưtica
|
| 090 |
|
|
|c 6681
|d 6681
|
| 245 |
0 |
0 |
|a Provincia
|h [Recurso electrn̤ico] :
|b Revista Venezolana de Estudios Territoriales
|
| 256 |
|
|
|a Servicio en lƯ̕nea.
|
| 260 |
|
|
|a [s.l.] :
|b Ed. Universidad de Los Andes (Venezuela).
|
| 300 |
|
|
|a 1 recurso electrn̤ico
|
| 506 |
0 |
|
|a Contenido disponible en los productos indicados
|d vLex Global
|d vLex Global (Academic Edition, excluding Law Schools)
|d vLex Global (U.S. Academic Edition, Law Schools)
|d vLex Global (U.S. Academic Edition, excluding Law Schools)
|d vLex Global (Academic Edition, Law Schools)
|
| 650 |
0 |
4 |
|a Ciencia polƯ̕tica
|y Obras anteriores a 1700
|v Publicaciones perid̤icas
|
| 740 |
0 |
|
|a vLex Revistas (Servicio en ln̕ea)
|
| 856 |
4 |
0 |
|z Acceso restringido
|u http://vlex.com/source/provincia-revista-venezolana-estudios-territoriales-14719
|
| 942 |
|
|
|c REV
|